[Event "SVK Amateur-ch 2020"]
[Site "Topolcany"]
[Date "2020.07.10"]
[Round "2.18"]
[White "Redzisz, Michal"]
[Black "Skreno, Vladimir"]
[Result "1/2-1/2"]
[WhiteElo "1972"]
[BlackElo "2119"]
[Annotator "ChessBase"]
[PlyCount "50"]
[EventDate "2020.07.10"]
[EventType "swiss"]
[EventCountry "SVK"]
[SourceTitle "playchess.com"]
[Source "ChessBase"]
[SourceQuality "1"]
[TimeControl "3600+30"]

1. d4 {[%emt 0:00:00]} Nf6 {[%emt 0:00:00]} 2. c4 {[%emt 0:00:00]} g6 {[%emt 0:00:34]} 3. Nf3 {[%emt 0:00:00]} Bg7 {[%emt 0:00:24]} 4. g3 {[%emt 0:00:00]} d5 {[%emt 0:00:52]} 5. cxd5 {[%emt 0:00:00]} Qxd5 {[%emt 0:01:59]} 6. Bg2 {[%emt 0:00:27]} c6 {[%emt 0:01:28]} 7. O-O {[%emt 0:00:30]} Qh5 {[%emt 0:02:09]} 8. Nc3 {[%emt 0:00:44]} O-O {[%emt 0:01:25]} 9. Qb3 {[%emt 0:04:21]} Nbd7 {[%emt 0:04:57]} 10. a4 {[%emt 0:01:14]} e5 {[%emt 0:04:47]} 11. dxe5 {[%emt 0:01:04]} Nxe5 {[%emt 0:00:16]} 12. Nxe5 {[%emt 0:00:20]} Qxe5 {[%emt 0:00:03]} 13. Bf4 {[%emt 0:00:04]} Qe6 {[%emt 0:00:40]} 14. Qa3 {[%emt 0:04:23]} Re8 {[%emt 0:05:29]} 15. Rfd1 {[%emt 0:00:55]} Nh5 {[%emt 0:02:23]} 16. Bd6 {[%emt 0:03:00]} Nf6 {[%emt 0:07:06]} 17. a5 {[%emt 0:06:38]} Bd7 {[%emt 0:05:18]} 18. Qb4 {[%emt 0:06:18]} Nd5 {[%emt 0:04:02]} 19. Nxd5 {[%emt 0:05:20]} cxd5 {[%emt 0:00:02]} 20. Bxd5 {[%emt 0:03:56]} Qxe2 {[%emt 0:00:07]} 21. Bxb7 {[%emt 0:07:16]} Qxb2 {[%emt 0:09:24]} 22. Qxb2 {[%emt 0:03:57]} Bxb2 {[%emt 0:00:06]} 23. Rab1 {[%emt 0:01:36]} Ba4 {[%emt 0:01:24]} 24. Bxa8 {[%emt 0:07:56]} Bxd1 {[%emt 0:02:21]} 25. Rxb2 {[%emt 0:00:21]} Rxa8 {[%emt 0:00:07]} 1/2-1/2

[Event "SVK Amateur-ch 2020"]
[Site "Topolcany"]
[Date "2020.07.10"]
[Round "2.19"]
[White "Bochnicka, Vladimir"]
[Black "Nikel, Rastislav"]
[Result "1/2-1/2"]
[WhiteElo "2092"]
[BlackElo "1982"]
[Annotator "ChessBase"]
[PlyCount "147"]
[EventDate "2020.07.10"]
[EventType "swiss"]
[EventCountry "SVK"]
[SourceTitle "playchess.com"]
[Source "ChessBase"]
[SourceQuality "1"]
[TimeControl "3600+30"]

1. e4 {[%emt 0:00:00]} e5 {[%emt 0:00:00]} 2. Nf3 {[%emt 0:00:00]} Nc6 {[%emt 0:00:00]} 3. Bc4 {[%emt 0:00:00]} Bc5 {[%emt 0:00:00]} 4. c3 {[%emt 0:00:00]} Nf6 {[%emt 0:00:06]} 5. d3 {[%emt 0:00:00]} d6 {[%emt 0:01:13]} 6. Nbd2 {[%emt 0:00:25]} O-O {[%emt 0:01:20]} 7. O-O {[%emt 0:00:26]} d5 {[%emt 0:00:06]} 8. exd5 {[%emt 0:00:12]} Nxd5 {[%emt 0:00:08]} 9. Re1 {[%emt 0:02:51]} Nf4 {[%emt 0:00:42]} 10. Ne4 {[%emt 0:01:33]} Bd6 {[%emt 0:01:07]} 11. Bxf4 {[%emt 0:09:13]} exf4 {[%emt 0:00:49]} 12. d4 {[%emt 0:04:33]} Bg4 {[%emt 0:04:53]} 13. Bb3 {[%emt 0:04:46]} h6 {[%emt 0:06:06]} 14. Bc2 {[%emt 0:01:30]} f5 {[%emt 0:00:35]} 15. Nxd6 {[%emt 0:01:37]} cxd6 {[%emt 0:07:50]} 16. h3 {[%emt 0:01:12]} Bh5 {[%emt 0:01:23]} 17. Qd3 {[%emt 0:01:04]} Qf6 {[%emt 0:05:26]} 18. Re2 {[%emt 0:10:39]} Rae8 {[%emt 0:07:34]} 19. Rxe8 {[%emt 0:05:24]} Bxe8 {[%emt 0:00:10]} 20. Re1 {[%emt 0:01:21]} Bd7 {[%emt 0:00:21]} 21. Qc4+ {[%emt 0:03:11]} Kh8 {[%emt 0:01:48]} 22. d5 {[%emt 0:04:48]} Ne5 {[%emt 0:02:01]} 23. Qxf4 {[%emt 0:00:56]} g5 {[%emt 0:01:22]} 24. Qe3 {[%emt 0:02:01]} Re8 {[%emt 0:00:51]} 25. Nxe5 {[%emt 0:01:09]} Rxe5 {[%emt 0:05:17]} 26. Qd2 {[%emt 0:00:06]} b6 {[%emt 0:03:36]} 27. f3 {[%emt 0:02:34]} Kg7 {[%emt 0:00:26]} 28. Kf2 {[%emt 0:00:49]} Bb5 {[%emt 0:05:12]} 29. g3 {[%emt 0:05:52]} Bc4 {[%emt 0:00:33]} 30. Rxe5 {[%emt 0:04:51]} Qxe5 {[%emt 0:00:11]} 31. Bb3 {[%emt 0:00:18]} Ba6 {[%emt 0:04:59]} 32. Qe3 {[%emt 0:00:23]} Kf6 {[%emt 0:01:12]} 33. f4 {[%emt 0:01:56]} gxf4 {[%emt 0:02:40]} 34. gxf4 {[%emt 0:00:05]} Qe4 {[%emt 0:00:29]} 35. Qxe4 {[%emt 0:00:37]} fxe4 {[%emt 0:00:36]} 36. Ke3 {[%emt 0:00:07]} Bd3 {[%emt 0:00:26]} 37. a3 {[%emt 0:00:45]} Kf5 {[%emt 0:00:11]} 38. Bd1 {[%emt 0:00:34]} Kg6 {[%emt 0:01:28]} 39. Bg4 {[%emt 0:00:33]} h5 {[%emt 0:00:12]} 40. Bd7 {[%emt 0:00:33]} h4 {[%emt 0:00:51]} 41. Kd4 {[%emt 0:00:43]} Kf6 {[%emt 0:00:14]} 42. b4 {[%emt 0:00:45]} Bc2 {[%emt 0:01:36]} 43. c4 {[%emt 0:00:21]} Bb1 {[%emt 0:00:40]} 44. a4 {[%emt 0:00:32]} Bc2 {[%emt 0:00:08]} 45. Ke3 {[%emt 0:00:36]} Bd3 {[%emt 0:00:52]} 46. Kd4 {[%emt 0:00:30]} Bc2 {[%emt 0:00:24]} 47. a5 {[%emt 0:00:14]} Bd3 {[%emt 0:00:40]} 48. axb6 {[%emt 0:00:24]} axb6 {[%emt 0:00:07]} 49. Bg4 {[%emt 0:00:33]} Bb1 {[%emt 0:02:08]} 50. c5 {[%emt 0:00:12]} dxc5+ {[%emt 0:00:10]} 51. bxc5 {[%emt 0:00:05]} bxc5+ {[%emt 0:00:36]} 52. Kxc5 {[%emt 0:00:03]} Bd3 {[%emt 0:01:03]} 53. d6 {[%emt 0:01:52]} e3 {[%emt 0:00:14]} 54. Kc6 {[%emt 0:00:14]} Bf5 {[%emt 0:01:01]} 55. Bxf5 {[%emt 0:00:43]} Kxf5 {[%emt 0:00:06]} 56. d7 {[%emt 0:00:09]} e2 {[%emt 0:00:04]} 57. d8=Q {[%emt 0:00:07]} e1=Q {[%emt 0:00:15]} 58. Qg5+ {[%emt 0:01:01]} Ke6 {[%emt 0:00:09]} 59. f5+ {[%emt 0:00:39]} Kf7 {[%emt 0:00:25]} 60. Qg6+ {[%emt 0:00:05]} Kf8 {[%emt 0:00:08]} 61. Qf6+ {[%emt 0:00:46]} Ke8 {[%emt 0:00:21]} 62. Qh8+ {[%emt 0:00:44]} Kf7 {[%emt 0:00:21]} 63. Qh7+ {[%emt 0:00:18]} Kf8 {[%emt 0:01:25]} 64. Qh6+ {[%emt 0:00:16]} Kf7 {[%emt 0:00:23]} 65. Qg6+ {[%emt 0:00:07]} Kf8 {[%emt 0:00:08]} 66. f6 {[%emt 0:01:30]} Qe6+ {[%emt 0:01:08]} 67. Kc5 {[%emt 0:00:15]} Qe5+ {[%emt 0:00:08]} 68. Kc4 {[%emt 0:00:12]} Qf4+ {[%emt 0:01:19]} 69. Kd5 {[%emt 0:00:57]} Qg3 {[%emt 0:01:14]} 70. Qe4 {[%emt 0:00:34]} Qb3+ {[%emt 0:00:20]} 71. Ke5 {[%emt 0:00:24]} Qg3+ {[%emt 0:00:51]} 72. Qf4 {[%emt 0:00:30]} Qc3+ {[%emt 0:00:34]} 73. Ke4 {[%emt 0:00:18]} Kf7 {[%emt 0:00:21]} 74. Qf5 {[%emt 0:00:54]} 1/2-1/2

[Event "SVK Amateur-ch 2020"]
[Site "Topolcany"]
[Date "2020.07.10"]
[Round "2.20"]
[White "Joba, Arpad"]
[Black "Trangos, Miroslav"]
[Result "1-0"]
[WhiteElo "2124"]
[BlackElo "1971"]
[Annotator "ChessBase"]
[PlyCount "113"]
[EventDate "2020.07.10"]
[EventType "swiss"]
[EventCountry "SVK"]
[SourceTitle "playchess.com"]
[Source "ChessBase"]
[SourceQuality "1"]
[TimeControl "3600+30"]

1. e4 {[%emt 0:00:00]} e6 {[%emt 0:00:00]} 2. d4 {[%emt 0:00:00]} d5 {[%emt 0:00:00]} 3. Nc3 {[%emt 0:00:00]} Nf6 {[%emt 0:05:11]} 4. Bg5 {[%emt 0:00:17]} Be7 {[%emt 0:00:34]} 5. e5 {[%emt 0:00:08]} Nfd7 {[%emt 0:01:17]} 6. h4 {[%emt 0:00:09]} a6 {[%emt 0:02:41]} 7. Qg4 {[%emt 0:04:25]} Bxg5 {[%emt 0:02:45]} 8. hxg5 {[%emt 0:01:06]} Nf8 {[%emt 0:01:21]} 9. Bd3 {[%emt 0:02:58]} c5 {[%emt 0:00:22]} 10. g6 {[%emt 0:02:02]} cxd4 {[%emt 0:05:45]} 11. gxf7+ {[%emt 0:03:33]} Kxf7 {[%emt 0:00:32]} 12. Nce2 {[%emt 0:00:50]} Nc6 {[%emt 0:01:15]} 13. Nf3 {[%emt 0:00:17]} Qa5+ {[%emt 0:03:13]} 14. Kf1 {[%emt 0:00:59]} Qc7 {[%emt 0:00:41]} 15. g3 {[%emt 0:04:39]} Kg8 {[%emt 0:01:23]} 16. Nexd4 {[%emt 0:07:02]} Nxd4 {[%emt 0:02:46]} 17. Qxd4 {[%emt 0:00:37]} Bd7 {[%emt 0:00:33]} 18. a4 {[%emt 0:05:56]} Rc8 {[%emt 0:04:55]} 19. Kg2 {[%emt 0:04:58]} Be8 {[%emt 0:05:45]} 20. Qg4 {[%emt 0:04:20]} Qe7 {[%emt 0:03:48]} 21. Ng5 {[%emt 0:01:25]} Bg6 {[%emt 0:04:15]} 22. Bxg6 {[%emt 0:02:31]} Nxg6 {[%emt 0:00:36]} 23. c3 {[%emt 0:04:09]} Nxe5 {[%emt 0:00:51]} 24. Qxe6+ {[%emt 0:00:10]} Qxe6 {[%emt 0:00:17]} 25. Nxe6 {[%emt 0:00:04]} Kf7 {[%emt 0:03:51]} 26. Nf4 {[%emt 0:00:38]} Nc4 {[%emt 0:01:42]} 27. b3 {[%emt 0:01:04]} Nd2 {[%emt 0:00:24]} 28. b4 {[%emt 0:06:16]} Rxc3 {[%emt 0:01:04]} 29. Rad1 {[%emt 0:00:30]} Rc2 {[%emt 0:00:46]} 30. Nxd5 {[%emt 0:00:53]} Ne4 {[%emt 0:03:35]} 31. Rhe1 {[%emt 0:02:47]} Re8 {[%emt 0:01:09]} 32. Rd4 {[%emt 0:00:09]} Nf6 {[%emt 0:01:59]} 33. Rxe8 {[%emt 0:00:22]} Nxe8 {[%emt 0:00:26]} 34. Re4 {[%emt 0:01:23]} Nf6 {[%emt 0:02:33]} 35. Rf4 {[%emt 0:01:16]} Rc6 {[%emt 0:01:47]} 36. a5 {[%emt 0:01:13]} Rd6 {[%emt 0:00:57]} 37. Nb6 {[%emt 0:00:29]} g5 {[%emt 0:01:42]} 38. Rc4 {[%emt 0:01:54]} Rc6 {[%emt 0:01:05]} 39. Rd4 {[%emt 0:00:05]} Ke6 {[%emt 0:00:53]} 40. Na4 {[%emt 0:04:13]} Ke5 {[%emt 0:01:35]} 41. Rd1 {[%emt 0:00:25]} Rc2 {[%emt 0:00:34]} 42. Nc5 {[%emt 0:00:25]} Kf5 {[%emt 0:00:20]} 43. Nxb7 {[%emt 0:01:04]} Ng4 {[%emt 0:01:29]} 44. Rd5+ {[%emt 0:02:59]} Kg6 {[%emt 0:00:02]} 45. Rd6+ {[%emt 0:00:12]} Kh5 {[%emt 0:00:07]} 46. Rxa6 {[%emt 0:00:39]} Rxf2+ {[%emt 0:00:04]} 47. Kg1 {[%emt 0:00:05]} Rb2 {[%emt 0:00:15]} 48. Re6 {[%emt 0:00:48]} Nh2 {[%emt 0:01:37]} 49. a6 {[%emt 0:00:45]} Nf3+ {[%emt 0:00:37]} 50. Kf1 {[%emt 0:00:02]} Kg4 {[%emt 0:00:07]} 51. Re2 {[%emt 0:01:32]} Rxb4 {[%emt 0:01:33]} 52. Nc5 {[%emt 0:00:08]} Rb1+ {[%emt 0:01:05]} 53. Kf2 {[%emt 0:00:09]} Nh2 {[%emt 0:01:15]} 54. a7 {[%emt 0:00:12]} Ra1 {[%emt 0:00:31]} 55. Re4+ {[%emt 0:00:13]} Kf5 {[%emt 0:00:11]} 56. Ra4 {[%emt 0:00:04]} Ng4+ {[%emt 0:00:11]} 57. Ke2 {[%emt 0:00:11]} 1-0

[Event "SVK Amateur-ch 2020"]
[Site "Topolcany"]
[Date "2020.07.10"]
[Round "2.21"]
[White "Nikanova, Ekaterina"]
[Black "Plasek, Zdenek"]
[Result "0-1"]
[WhiteElo "2116"]
[BlackElo "1933"]
[Annotator "TA"]
[PlyCount "38"]
[EventDate "2020.07.10"]
[EventType "swiss"]
[EventCountry "SVK"]
[SourceTitle "playchess.com"]
[Source "ChessBase"]
[SourceQuality "1"]

{[%evp 9,38,-7,27,4,-1,-1,12,-8,18,-35,-27,-24,-42,-40,-50,-96,-88,-100,-100,-81,-82,-195,-201,-229,-236,-325,-336,-426,-426,-810,-427]} 1. e4 c5 2. a3 e6 3. b4 d5 4. exd5 Qxd5 5. Nf3 Nf6 6. Nc3 {B20: Sicilian: Unusual White 2nd moves.} Qd8 7. bxc5 Bxc5 8. d4 {The position is equal.} Be7 {[#]} 9. Ne5 $146 ({White should play} 9. Bd3 $11) ({Predecessor:} 9. Bd3 O-O 10. O-O b6 11. Qe2 Bb7 12. Bb2 Nbd7 13. Rfe1 Re8 14. Rad1 Nf8 15. Bb5 {½-½ (40) Lutz,K (2133)-Del Valle Cirera,A (2236) Germany 2009}) 9... O-O 10. Be2 Nc6 11. Nxc6 bxc6 12. Bf3 Ba6 13. Ne2 Rc8 14. O-O c5 15. Bb2 {[#]} (15. c3 $17) 15... cxd4 $1 $19 16. Bxd4 Qc7 {Threatens to win with ...e5.} 17. c3 e5 18. Be3 e4 19. Bf4 (19. Qa4 $142 Bc4 20. Bxe4 Nxe4 21. Rfe1) 19... Qc4 {Black took control after the opening. Accuracy: White = 39%, Black = 93%.} 0-1

[Event "SVK Amateur-ch 2020"]
[Site "Topolcany"]
[Date "2020.07.10"]
[Round "2.22"]
[White "Blazek, Milos"]
[Black "Bojda, Lubomir"]
[Result "1-0"]
[WhiteElo "1977"]
[BlackElo "2110"]
[Annotator "ChessBase"]
[PlyCount "77"]
[EventDate "2020.07.10"]
[EventType "swiss"]
[EventCountry "SVK"]
[SourceTitle "playchess.com"]
[Source "ChessBase"]
[SourceQuality "1"]
[TimeControl "3600+30"]

1. e4 {[%emt 0:00:00]} e6 {[%emt 0:01:45]} 2. d4 {[%emt 0:00:00]} d5 {[%emt 0:00:06]} 3. Nc3 {[%emt 0:00:11]} Bb4 {[%emt 0:01:39]} 4. Nge2 {[%emt 0:00:29]} Nf6 {[%emt 0:07:32]} 5. e5 {[%emt 0:02:09]} Nfd7 {[%emt 0:01:02]} 6. a3 {[%emt 0:04:24]} Be7 {[%emt 0:00:20]} 7. f4 {[%emt 0:02:46]} c5 {[%emt 0:00:51]} 8. Be3 {[%emt 0:01:35]} Nc6 {[%emt 0:06:20]} 9. Qd2 {[%emt 0:02:54]} a6 {[%emt 0:02:11]} 10. dxc5 {[%emt 0:06:17]} Nxc5 {[%emt 0:05:01]} 11. Nd4 {[%emt 0:00:40]} Bd7 {[%emt 0:04:24]} 12. Be2 {[%emt 0:05:25]} Qc7 {[%emt 0:04:45]} 13. O-O {[%emt 0:01:51]} g6 {[%emt 0:06:12]} 14. Rad1 {[%emt 0:04:55]} Nxd4 {[%emt 0:02:07]} 15. Bxd4 {[%emt 0:01:29]} Rc8 {[%emt 0:02:53]} 16. Nxd5 {[%emt 0:06:27]} exd5 {[%emt 0:02:16]} 17. e6 {[%emt 0:00:34]} O-O {[%emt 0:02:55]} 18. exd7 {[%emt 0:01:03]} Qxd7 {[%emt 0:02:01]} 19. f5 {[%emt 0:05:49]} Ne4 {[%emt 0:03:25]} 20. Qh6 {[%emt 0:02:05]} Bf6 {[%emt 0:00:29]} 21. Bxf6 {[%emt 0:03:36]} Nxf6 {[%emt 0:00:07]} 22. Bd3 {[%emt 0:00:33]} Rc6 {[%emt 0:03:11]} 23. Rf3 {[%emt 0:01:57]} Ng4 {[%emt 0:01:20]} 24. Qf4 {[%emt 0:03:36]} h5 {[%emt 0:01:27]} 25. fxg6 {[%emt 0:01:10]} f6 {[%emt 0:04:00]} 26. Rh3 {[%emt 0:05:35]} Qe7 {[%emt 0:02:34]} 27. Rxh5 {[%emt 0:02:01]} f5 {[%emt 0:00:49]} 28. Rxf5 {[%emt 0:03:20]} Rxf5 {[%emt 0:00:26]} 29. Bxf5 {[%emt 0:00:36]} Rc4 {[%emt 0:01:17]} 30. Qb8+ {[%emt 0:00:23]} Kg7 {[%emt 0:00:10]} 31. Bxg4 {[%emt 0:00:33]} Rxg4 {[%emt 0:00:10]} 32. Rf1 {[%emt 0:00:46]} Rxg6 {[%emt 0:01:00]} 33. Qf4 {[%emt 0:00:28]} Qc5+ {[%emt 0:00:57]} 34. Kh1 {[%emt 0:00:23]} Qc6 {[%emt 0:00:24]} 35. Qf7+ {[%emt 0:00:28]} Kh6 {[%emt 0:00:06]} 36. Qf8+ {[%emt 0:00:19]} Kg5 {[%emt 0:00:11]} 37. Qf4+ {[%emt 0:00:08]} Kh5 {[%emt 0:00:09]} 38. Rf3 {[%emt 0:00:56]} Rg5 {[%emt 0:00:42]} 39. Qf7+ {[%emt 0:00:30]} 1-0

[Event "SVK Amateur-ch 2020"]
[Site "Topolcany"]
[Date "2020.07.10"]
[Round "2.23"]
[White "Slaba, Andrea"]
[Black "Fenik, Jozef ml."]
[Result "0-1"]
[WhiteElo "1969"]
[BlackElo "2100"]
[Annotator "TA"]
[PlyCount "56"]
[EventDate "2020.07.10"]
[EventType "swiss"]
[EventCountry "SVK"]
[SourceTitle "playchess.com"]
[Source "ChessBase"]
[SourceQuality "1"]

{[%evp 10,56,38,38,38,22,38,24,28,12,41,33,36,27,39,38,50,49,49,22,32,22,31,-5,0,-14,18,-80,-81,-172,-110,-244,-174,-310,-185,-639,-627,-628,-605,-599,-599,-663,-677,-932,-909,-917,-673,-660,-628]} 1. d4 Nf6 2. Nf3 d5 3. c4 e6 4. Nc3 Bb4 5. Qc2 c6 6. Bg5 Nbd7 {D43: Semi-Slav: 5 Bg5 h6.} 7. a3 Qa5 8. cxd5 exd5 {White has an edge.} 9. Nd2 Be7 10. e3 O-O 11. Bd3 Re8 12. O-O {[#]} h6 $146 ({Predecessor:} 12... Qd8 13. b4 Nf8 14. Bxf6 Bxf6 15. a4 g6 16. Nb3 Bd7 17. Nc5 Bc8 18. a5 Qe7 {1-0 (59) Ramos,A (2019)-Saraiva,A (1900) Rio de Janeiro 2015}) 13. Bh4 Qd8 14. f3 Nf8 15. Bf2 Ne6 16. b4 a5 17. Rab1 b5 18. g4 (18. f4 $11) 18... Bd6 $17 19. Bg3 (19. e4 $17 {was called for.} axb4 20. axb4) 19... h5 (19... Bxg3 $19 20. hxg3 Ng5) 20. Bf5 {Loses the game.} (20. Bxd6 $17 Qxd6 21. gxh5) 20... hxg4 21. fxg4 (21. Bxd6 $142 Qxd6 22. fxg4) 21... Ng5 (21... Bxg3 $142 22. hxg3 axb4 23. axb4 Ng5) 22. Rfe1 $2 {[#]} (22. Bxd6 Qxd6 23. Bxc8 axb4 24. axb4 Rxe3 25. Bf5) 22... Bxg3 {Black is clearly winning.} 23. hxg3 {Now Bxc8 and White clings on.} Nxg4 24. Nd1 axb4 25. axb4 Ra3 {[#] White must now prevent ...Qd6.} 26. Bxg4 Bxg4 27. Rb3 Rxb3 28. Qxb3 Qd6 {Accuracy: White = 41%, Black = 68%.} 0-1

[Event "SVK Amateur-ch 2020"]
[Site "Topolcany"]
[Date "2020.07.10"]
[Round "2.24"]
[White "Franko, Ondrej"]
[Black "Suder, Jakub"]
[Result "1-0"]
[WhiteElo "1952"]
[BlackElo "2095"]
[Annotator "ChessBase"]
[PlyCount "114"]
[EventDate "2020.07.10"]
[EventType "swiss"]
[EventCountry "SVK"]
[SourceTitle "playchess.com"]
[Source "ChessBase"]
[SourceQuality "1"]
[TimeControl "3600+30"]

1. e4 {[%emt 0:00:00]} c5 {[%emt 0:00:00]} 2. f4 {[%emt 0:00:00]} e6 {[%emt 0:00:51]} 3. Nf3 {[%emt 0:00:23]} d5 {[%emt 0:00:12]} 4. exd5 {[%emt 0:00:13]} exd5 {[%emt 0:00:16]} 5. Bb5+ {[%emt 0:01:37]} Bd7 {[%emt 0:01:56]} 6. Qe2+ {[%emt 0:02:35]} Qe7 {[%emt 0:00:45]} 7. Ne5 {[%emt 0:02:36]} c4 {[%emt 0:07:36]} 8. Nc3 {[%emt 0:03:13]} Nf6 {[%emt 0:01:19]} 9. b3 {[%emt 0:03:56]} Nc6 {[%emt 0:10:13]} 10. Bxc6 {[%emt 0:10:49]} Bxc6 {[%emt 0:06:32]} 11. bxc4 {[%emt 0:11:07]} dxc4 {[%emt 0:11:00]} 12. Ba3 {[%emt 0:04:50]} Qxa3 {[%emt 0:00:51]} 13. Nxc6+ {[%emt 0:00:41]} Be7 {[%emt 0:01:39]} 14. Nb5 {[%emt 0:04:27]} Qc5 {[%emt 0:00:04]} 15. Nxe7 {[%emt 0:07:27]} Kd7 {[%emt 0:02:10]} 16. Qe5 {[%emt 0:01:59]} Qxe7 {[%emt 0:06:05]} 17. O-O {[%emt 0:00:08]} Kd8 {[%emt 0:03:48]} 18. Nd6 {[%emt 0:05:24]} Ne8 {[%emt 0:04:10]} 19. Nxc4 {[%emt 0:04:03]} Rc8 {[%emt 0:01:22]} 20. Qd5+ {[%emt 0:02:48]} Qd7 {[%emt 0:01:34]} 21. Qxd7+ {[%emt 0:00:04]} Kxd7 {[%emt 0:00:06]} 22. Ne5+ {[%emt 0:00:06]} Kc7 {[%emt 0:02:09]} 23. Nxf7 {[%emt 0:00:23]} Rf8 {[%emt 0:00:22]} 24. Ne5 {[%emt 0:00:20]} Nf6 {[%emt 0:00:15]} 25. Rab1 {[%emt 0:02:24]} Rfd8 {[%emt 0:00:08]} 26. d3 {[%emt 0:00:13]} Rd4 {[%emt 0:00:27]} 27. c4 {[%emt 0:00:51]} Rcd8 {[%emt 0:00:41]} 28. Rb3 {[%emt 0:00:10]} b6 {[%emt 0:00:44]} 29. Rf3 {[%emt 0:01:09]} Re8 {[%emt 0:00:52]} 30. Kf2 {[%emt 0:00:27]} Rd6 {[%emt 0:00:23]} 31. h3 {[%emt 0:00:35]} Nh5 {[%emt 0:00:28]} 32. g3 {[%emt 0:00:23]} g6 {[%emt 0:00:37]} 33. Re3 {[%emt 0:00:24]} Rf8 {[%emt 0:00:50]} 34. Nf3 {[%emt 0:00:38]} Rd7 {[%emt 0:00:50]} 35. Rb5 {[%emt 0:00:35]} Ng7 {[%emt 0:00:41]} 36. Ne5 {[%emt 0:00:30]} Re7 {[%emt 0:00:56]} 37. Ng4 {[%emt 0:00:30]} Rd7 {[%emt 0:00:15]} 38. Ne5 Re7 {[%emt 0:00:03]} 39. Rd5 {[%emt 0:00:42]} Nf5 {[%emt 0:01:18]} 40. Re1 {[%emt 0:00:35]} Rfe8 {[%emt 0:00:54]} 41. c5 {[%emt 0:00:43]} b5 {[%emt 0:02:33]} 42. Rb1 {[%emt 0:00:27]} a6 {[%emt 0:00:25]} 43. Rb3 {[%emt 0:00:30]} Ra8 {[%emt 0:01:02]} 44. a4 {[%emt 0:00:34]} bxa4 {[%emt 0:01:40]} 45. Rb1 {[%emt 0:00:30]} a3 {[%emt 0:00:54]} 46. c6 {[%emt 0:00:19]} Rb8 {[%emt 0:00:27]} 47. Rxb8 {[%emt 0:00:15]} Kxb8 {[%emt 0:00:01]} 48. Ra5 {[%emt 0:00:17]} g5 {[%emt 0:00:26]} 49. Rxa3 {[%emt 0:00:19]} Ka7 {[%emt 0:00:06]} 50. Rb3 {[%emt 0:00:36]} gxf4 {[%emt 0:00:15]} 51. gxf4 {[%emt 0:00:06]} a5 {[%emt 0:00:10]} 52. Nd7 {[%emt 0:00:24]} Nd6 {[%emt 0:00:35]} 53. f5 {[%emt 0:01:42]} h5 {[%emt 0:00:38]} 54. f6 {[%emt 0:00:30]} Rf7 {[%emt 0:00:01]} 55. Kf3 {[%emt 0:00:23]} h4 {[%emt 0:00:18]} 56. Kf4 {[%emt 0:00:20]} a4 {[%emt 0:00:29]} 57. Rb4 {[%emt 0:00:10]} Ka6 {[%emt 0:00:12]} 1-0

[Event "SVK Amateur-ch 2020"]
[Site "Topolcany"]
[Date "2020.07.10"]
[Round "2.25"]
[White "Balazs, Ladislav"]
[Black "Matis, Tibor"]
[Result "0-1"]
[WhiteElo "2122"]
[BlackElo "1939"]
[Annotator "ChessBase"]
[PlyCount "70"]
[EventDate "2020.07.10"]
[EventType "swiss"]
[EventCountry "SVK"]
[SourceTitle "playchess.com"]
[Source "ChessBase"]
[SourceQuality "1"]
[TimeControl "3600+30"]

1. Nf3 {[%emt 0:00:00]} Nf6 {[%emt 0:00:00]} 2. d4 {[%emt 0:00:17]} c5 {[%emt 0:00:31]} 3. Nc3 {[%emt 0:00:43]} cxd4 {[%emt 0:01:05]} 4. Nxd4 {[%emt 0:00:03]} e5 {[%emt 0:01:09]} 5. Nb3 {[%emt 0:00:36]} d5 {[%emt 0:01:30]} 6. Bg5 {[%emt 0:00:27]} Bb4 {[%emt 0:00:32]} 7. Bxf6 {[%emt 0:04:23]} gxf6 {[%emt 0:01:03]} 8. e3 {[%emt 0:00:21]} Nc6 {[%emt 0:01:32]} 9. a3 {[%emt 0:01:37]} Bxc3+ {[%emt 0:00:22]} 10. bxc3 {[%emt 0:00:02]} Bf5 {[%emt 0:02:16]} 11. Bd3 {[%emt 0:00:58]} e4 {[%emt 0:03:09]} 12. Bb5 {[%emt 0:00:10]} Rg8 {[%emt 0:02:24]} 13. g3 {[%emt 0:05:58]} Bg4 {[%emt 0:02:46]} 14. Bxc6+ {[%emt 0:03:59]} bxc6 {[%emt 0:00:42]} 15. Qd4 {[%emt 0:00:07]} Ke7 {[%emt 0:06:54]} 16. Rb1 {[%emt 0:02:19]} Qd6 {[%emt 0:03:59]} 17. Kd2 {[%emt 0:03:18]} Rgb8 {[%emt 0:03:19]} 18. f4 {[%emt 0:03:33]} Bf3 {[%emt 0:05:19]} 19. Rhf1 {[%emt 0:02:29]} Rb5 {[%emt 0:00:08]} 20. Qa4 {[%emt 0:18:03]} Rab8 {[%emt 0:11:21]} 21. Rb2 {[%emt 0:14:15]} Kf8 {[%emt 0:01:09]} 22. Qa6 {[%emt 0:04:01]} R5b6 {[%emt 0:01:05]} 23. Qxa7 {[%emt 0:00:45]} c5 {[%emt 0:01:05]} 24. Ra2 {[%emt 0:00:44]} Bg4 {[%emt 0:04:57]} 25. a4 {[%emt 0:02:24]} d4 {[%emt 0:06:36]} 26. cxd4 {[%emt 0:00:22]} Be6 {[%emt 0:00:08]} 27. a5 {[%emt 0:00:34]} Rxb3 {[%emt 0:02:27]} 28. cxb3 {[%emt 0:00:18]} Rxb3 {[%emt 0:01:14]} 29. Qa8+ {[%emt 0:00:35]} Rb8 {[%emt 0:00:39]} 30. Qxe4 {[%emt 0:00:34]} Bxa2 {[%emt 0:00:13]} 31. Ra1 {[%emt 0:00:20]} Rb2+ {[%emt 0:01:03]} 32. Kc3 {[%emt 0:00:37]} Rxh2 {[%emt 0:00:55]} 33. d5 {[%emt 0:00:49]} c4 {[%emt 0:00:49]} 34. Rh1 {[%emt 0:00:37]} Qa3+ {[%emt 0:00:24]} 35. Kd4 {[%emt 0:00:02]} Rd2+ {[%emt 0:00:09]} 0-1